Statistics for Serena Williams - Grand Slam finals (tennis)

Click here to take the quiz!

General Stats

  • This quiz has been taken 991 times
    (563 since last reset)
  • The average score is 27 of 33

Answer Stats

TournamentResultOpponent% Correct
Australian Open 2007WonMaria Sharapova
94%
Wimbledon 2004LostMaria Sharapova
94%
Roland Garros 2013WonMaria Sharapova
94%
Australian Open 2015WonMaria Sharapova
94%
Wimbledon 2009WonVenus Williams
94%
Roland Garros 2002WonVenus Williams
94%
Wimbledon 2002WonVenus Williams
94%
US Open 2002WonVenus Williams
94%
Australian Open 2003WonVenus Williams
94%
Wimbledon 2003WonVenus Williams
94%
US Open 2001LostVenus Williams
94%
Wimbledon 2008LostVenus Williams
94%
US Open 2018LostNaomi Osaka
93%
Australian Open 2017WonVenus Williams
93%
Wimbledon 2019LostSimona Halep
90%
Wimbledon 2018LostAngelique Kerber
89%
Wimbledon 2016WonAngelique Kerber
89%
Australian Open 2016LostAngelique Kerber
89%
Australian Open 2010WonJustine Henin
87%
Wimbledon 2015WonGarbiñe Muguruza
81%
Roland Garros 2016LostGarbiñe Muguruza
81%
US Open 1999WonMartina Hingis
81%
US Open 2019LostBianca Andreescu
79%
US Open 2013WonVictoria Azarenka
79%
US Open 2012WonVictoria Azarenka
79%
US Open 2014WonCaroline Wozniacki
72%
Australian Open 2005WonLindsay Davenport
72%
US Open 2011LostSamantha Stosur
69%
US Open 2008WonJelena Jankovic
60%
Wimbledon 2012WonAgnieszka Radwańska
58%
Australian Open 2009WonDinara Safina
56%
Roland Garros 2015WonLucie Šafářová
47%
Wimbledon 2010WonVera Zvonareva
45%

Score Distribution

Percentile by Number Answered

Percent of People with Each Score

Your Score History

You have not taken this quiz since the last reset